European Countries in 1700 - Statistics

General Stats
  • This quiz has been taken 271 times
    245 since last reset
  • The average score is 17 of 25
Answer Stats
Country % Correct
Kingdom of France
96%
Spanish Empire
96%
Swedish Empire
96%
Tsardom of Russia
96%
Ottoman Empire
94%
Portuguese Empire
93%
Denmark–Norway
92%
Habsburg Monarchy / Austria-Hungary
92%
Polish–Lithuanian Commonwealth
90%
British Empire
85%
Duchy of Prussia
79%
Dutch Republic
79%
Papal States
76%
Old Swiss Confederacy
73%
Holy Roman Empire
72%
Republic of Venice
68%
San Marino
62%
Monaco
59%
Grand Duchy of Tuscany
52%
Republic of Genoa
48%
Duchy of Savoy
42%
Duchy of Modena and Reggio
32%
Duchy of Parma
32%
Republic of Lucca
27%
Duchy of Mantua
16%
No matching quizzes found
Score Distribution
Percent of People with Each Score
Percentile by Number Answered
Your Score History
You have not taken this quiz since the last reset